The Oxford dictionary of American art and artists (Record no. 294751)

MARC details
000 -LEADER
fixed length control field 00673nam a2200217Ia 4500
008 - FIXED-LENGTH DATA ELEMENTS--GENERAL INFORMATION
fixed length control field 191130s2008##################000#0#eng##
020 ## - INTERNATIONAL STANDARD BOOK NUMBER
ISBN 9780195373219
082 ## - DEWEY DECIMAL CLASSIFICATION NUMBER
Classification number 709.7303 MOR
100 ## - MAIN ENTRY--AUTHOR NAME
Personal name Morgan, Ann Lee
245 ## - TITLE STATEMENT
Title The Oxford dictionary of American art and artists
Statement of responsibility, etc Ann Lee Morgan
250 ## - EDITION STATEMENT
Edition statement Oxfor University Press pbk
260 ## - PUBLICATION, DISTRIBUTION, ETC. (IMPRINT)
Place of publication Oxford
Name of publisher Oxford University Press
Year of publication 2008
300 ## - PHYSICAL DESCRIPTION
Number of Pages xiv, 537 p. 24 cm
650 ## - SUBJECT ADDED ENTRY--TOPICAL TERM
Topical Term Art, American - Dictionaries
Topical Term Artists - United States - Biography - Dictionaries
991 ## -
-- 290926
Holdings
Withdrawn status Lost status Damaged status Not for loan Home library Current library Shelving location Date acquired Full call number Accession Number Price effective from Koha item type
        Anna Centenary Library Anna Centenary Library 6TH FLOOR, B WING 15.10.2020 709.7303 MOR 113014 15.10.2020 English Books

Find us on the map